Phương pháp phần tử hữu hạn lý thuyết và lập trình; T2
Saved in:
| Main Author: | |
|---|---|
| Format: | Book |
| Language: | Undetermined |
| Published: |
H.
KHKT
2003
|
| Subjects: | |
| Tags: |
Add Tag
No Tags, Be the first to tag this record!
|
| Institutions: | Trung tâm Học liệu Trường Đại học Cần Thơ |
|---|
| LEADER | 00652nam a2200205Ia 4500 | ||
|---|---|---|---|
| 001 | CTU_53704 | ||
| 008 | 210402s9999 xx 000 0 und d | ||
| 020 | |b 38000 | ||
| 082 | |a 620.00151535 | ||
| 082 | |b B108/T2 | ||
| 100 | |a Nguyễn Quốc Bảo | ||
| 245 | 0 | |a Phương pháp phần tử hữu hạn lý thuyết và lập trình; T2 | |
| 245 | 0 | |c Nguyễn Quốc Bảo và Trần Nhất Dũng | |
| 260 | |a H. | ||
| 260 | |b KHKT | ||
| 260 | |c 2003 | ||
| 650 | |a finite element method,construction industry | ||
| 650 | |x data processing | ||
| 904 | |i Minh | ||
| 980 | |a Trung tâm Học liệu Trường Đại học Cần Thơ | ||